| 000 | 00592nam a22001937a 4500 | ||
|---|---|---|---|
| 999 |
_c5069 _d5069 |
||
| 003 | AR-CdUCM | ||
| 008 | 190311b ||||| |||| 00| 0 spa d | ||
| 040 |
_aMUNICIPALIDAD PROVINCIAL DEL CUSCO _cBIBLIOTECA MUNICIPAL DEL CUSCO |
||
| 082 |
_a869.569 / _bV66 |
||
| 100 |
_aVillanueva, Elsa _915456 |
||
| 245 | _aLa poesía de César Vallejo / | ||
| 260 |
_aLima : _bCompañia de Impresiones y Publicidad, _c1951. |
||
| 300 |
_a92 páginas ; _c21.5 cm. |
||
| 500 | _aDonación familia Nieto | ||
| 650 |
_aPoetas peruanos _91611 |
||
| 650 |
_aSiglo XX _98 |
||
| 942 |
_2ddc _cLIBROS |
||
| 945 | _aafb | ||